000 00969cam a2200289 a 4500
001 000017954
005 20200929165307.0
008 710615s1980 vtu 000 1 eng d
020 _a0804809941
040 _aDO-SdBNP
_beng
_cLC
_dBNPHU
041 1 7 _aeng
_hjpn
_2Código de idioma MARC
050 0 0 _aPZ3.A3195
_bKap7
_aPL801.K8
082 _ann*
_bA315k
100 1 _aAkutagawa, Ryûnosuke,
_d1892-1927.
_938931
240 1 0 _aKappa.
_lEnglish
245 1 0 _aKappa ;
_ba novel /
_cRyûnosuke Akutagawa ; traducción del japones Geoffrey Bownas ; introducción G. H. Healey.
260 _aRutland, Vermont :
_bCharles E. Tuttle Company,
_c1980.
300 _a141 p. ;
_c19 cm.
490 1 _aTut L books
534 _aPublicación original :
_lKappa
651 0 _aJapan
_xFiction.
_938932
700 1 _aBownas, Geoffrey,
_etr.
_938933
700 1 _aHealey, G. H.,
_eintrod.
_938934
830 0 _aTut L books
_938935
910 _aCatalogación derivada
049 _aBNGR
999 _c17478
_d17478